Medicinas y culturas en La Araucanía
Tallennettuna:
| Päätekijät: | , , , , , |
|---|---|
| Yhteisötekijät: | , |
| Aineistotyyppi: | Kirja |
| Kieli: | espanja |
| Julkaistu: |
Santiago
Sudamericana
1995
|
| Aiheet: | |
| Tagit: |
Lisää tagi
Ei tageja, Lisää ensimmäinen tagi!
|
MARC
| LEADER | 00000nam a2200000 a 4500 | ||
|---|---|---|---|
| 001 | UCY5522 | ||
| 003 | CL-VaPUC | ||
| 008 | 950511e19950000CL |||||||||||||||||spa|d | ||
| 082 | 0 | 4 | |a 610 |b CIT |2 21 |
| 100 | 0 | |a Citarella, Luca |e author |9 334364 | |
| 700 | 0 | |a Conejeros, Ana María |e author |9 334365 | |
| 700 | 0 | |a Espinossa, Bernarda |e author |9 334366 | |
| 700 | 0 | |a Jelves, Ivonne |e author |9 334367 | |
| 700 | 0 | |a Oyarce, Ana María |e author |9 334368 | |
| 700 | 0 | |a Vidal, Aldo |e author |9 334369 | |
| 110 | 2 | |a Trafkin |e author |9 334370 | |
| 710 | 2 | |a Programa de Atención Primaria en Salud, Cooperación Italiana |e author |9 334371 | |
| 245 | 1 | 0 | |a Medicinas y culturas en La Araucanía |
| 300 | |a 615 p | ||
| 942 | |c BK | ||
| 945 | |d 19950511 00:00:00 |a awong | ||
| 260 | |a Santiago |b Sudamericana |c 1995 | ||
| 650 | 7 | |a MEDICINA POPULAR |2 CL-VaPUC |9 311908 | |
| 650 | 7 | |a MEDICINA PRIMITIVA |2 CL-VaPUC |9 334372 | |
| 650 | 0 | |a Plantas medicinales |9 334373 | |
| 651 | 7 | |a CHILE |2 CL-VaPUC |9 334374 | |
| 651 | 7 | |a LA ARAUCANIA |2 CL-VaPUC |9 334375 | |
| 583 | |a last modification |c 19950511 00:00:00 |k Rodrigo Vera | ||
| 999 | |c 233174 |d 233172 | ||
| 952 | |0 0 |1 0 |4 0 |6 610_000000000000000_CIT_1995 |7 0 |8 A |9 238450 |a BIBEDU |b BIBEDU |d 2019-11-18 |i 3082555 |o 610 CIT 1995 |p 3082555 |r 2019-11-18 |w 2019-11-18 |y BK |k PSI | ||